[Event "RUS-chT blitz (Women)"]
[Site "Sochi"]
[Date "2018.10.10"]
[Round "8.1"]
[White "Shendrik, Zhanna"]
[Black "Girya, Olga"]
[Result "1/2-1/2"]
[WhiteElo "1934"]
[BlackElo "2479"]
[PlyCount "69"]
[EventDate "2018.10.10"]
[EventType "team-swiss (blitz)"]
[EventRounds "13"]
[EventCountry "RUS"]
[SourceTitle "CBM 186 Extra"]
[Source "ChessBase"]
[SourceDate "2018.08.24"]
[SourceVersion "1"]
[SourceVersionDate "2018.08.24"]
[SourceQuality "1"]
[WhiteTeam "Nizhny Novgorod FShNO (W)"]
[BlackTeam "Yugra (W)"]
[WhiteTeamCountry "RUS"]
[BlackTeamCountry "RUS"]

1. d4 d5 2. c4 c6 3. Nf3 Nf6 4. Nc3 dxc4 5. a4 Bf5 6. e3 e6 7. Bxc4 Nbd7 8. h3 Bb4 9. 0-0 0-0 10. Nh4 Bg6 11. Nxg6 hxg6 12. Qe2 a5 13. Rd1 Qe7 14. e4 e5 15. d5 Rad8 16. Bg5 Bc5 17. Rac1 Bd4 18. Qf3 Qb4 19. Bf1 Rde8 20. Bd3 Qxb2 21. dxc6 bxc6 22. Ne2 Nh7 23. Bh4 g5 24. Bg3 Nc5 25. Nxd4 Nxd3 26. Qxd3 exd4 27. Rxc6 Rd8 28. Rc4 Qa2 29. Bc7 Rd7 30. Bxa5 Ra8 31. Bb6 Nf6 32. Rxd4 Rxd4 33. Bxd4 Qxa4 34. Bxf6 gxf6 35. Qf3 1/2-1/2

[Event "RUS-chT blitz (Women)"]
[Site "Sochi"]
[Date "2018.10.10"]
[Round "10.2"]
[White "Shendrik, Zhanna"]
[Black "Vasilevich, Tatjana"]
[Result "0-1"]
[WhiteElo "1934"]
[BlackElo "2360"]
[PlyCount "130"]
[EventDate "2018.10.10"]
[EventType "team-swiss (blitz)"]
[EventRounds "13"]
[EventCountry "RUS"]
[SourceTitle "CBM 186 Extra"]
[Source "ChessBase"]
[SourceDate "2018.08.24"]
[SourceVersion "1"]
[SourceVersionDate "2018.08.24"]
[SourceQuality "1"]
[WhiteTeam "Nizhny Novgorod FShNO (W)"]
[BlackTeam "Krym Kimmeriya (W)"]
[WhiteTeamCountry "RUS"]
[BlackTeamCountry "RUS"]

1. d4 Nf6 2. c4 c5 3. d5 b5 4. cxb5 a6 5. bxa6 d6 6. Nf3 Bxa6 7. g3 g6 8. Bg2 Bg7 9. 0-0 0-0 10. Re1 Nfd7 11. Nc3 Nb6 12. Rb1 N8d7 13. Bg5 h6 14. Bf4 Kh7 15. e4 Nc4 16. Qc2 Qa5 17. Rbc1 Rfb8 18. b3 Nce5 19. Nxe5 Nxe5 20. Bxe5 Bxe5 21. Ne2 Rc8 22. f4 Bg7 23. Kh1 c4 24. Qb1 cxb3 25. axb3 Qb4 26. Rxc8 Rxc8 27. Ng1 Rc3 28. Nf3 Rxb3 29. Qc1 Rb2 30. e5 Bc4 31. Qd1 Qb3 32. Qxb3 Bxb3 33. Nd4 dxe5 34. fxe5 Bxe5 35. Nc6 Bf6 36. h3 Rd2 37. Nxe7 Bxe7 38. Rxe7 Kg7 39. Rd7 Kf6 40. Rb7 Bxd5 41. Bxd5 Rxd5 42. Rb6+ Kg5 43. Rb2 h5 44. Kg2 h4 45. g4 Re5 46. Rf2 f6 47. Rd2 f5 48. gxf5 gxf5 49. Rc2 Kf4 50. Rf2+ Kg5 51. Rd2 Re3 52. Rf2 Rg3+ 53. Kh2 f4 54. Rc2 f3 55. Rf2 Kf4 56. Ra2 Rg8 57. Rb2 Re8 58. Rf2 Re2 59. Kg1 Ke3 60. Rf1 Rg2+ 61. Kh1 Rg3 62. Kh2 f2 63. Rh1 Ke2 64. Rf1 Rxh3+ 65. Kxh3 Kxf1 0-1

[Event "Moscow op-B (Women) 13th"]
[Site "Moscow"]
[Date "2017.02.03"]
[Round "7"]
[White "Gutkovich, Polina"]
[Black "Shendrik, Zhanna"]
[Result "1-0"]
[WhiteElo "1904"]
[BlackElo "2072"]
[PlyCount "93"]
[EventDate "2017.01.28"]
[EventType "swiss"]
[EventRounds "9"]
[EventCountry "RUS"]
[SourceTitle "EXT 2018"]
[Source "ChessBase"]
[SourceDate "2017.10.13"]
[SourceVersion "1"]
[SourceVersionDate "2017.10.13"]
[SourceQuality "1"]

1. e4 c6 2. Nc3 d5 3. Nf3 dxe4 4. Nxe4 Bf5 5. Ng3 Bg6 6. h4 h6 7. Ne5 Qd6 8. d4 Nd7 9. Nxg6 Qxg6 10. Bd3 Qd6 11. c3 Ngf6 12. Qb3 Nb6 13. Nf5 Qd5 14. Ne3 Qxb3 15. axb3 e6 16. Bd2 Be7 17. g3 0-0 18. Ke2 Rfd8 19. Rhd1 a6 20. c4 Nbd7 21. Bc3 Bd6 22. Bc2 Re8 23. Kf1 Bc7 24. Kg2 Rad8 25. Rd2 Nh5 26. Rad1 f5 27. d5 f4 28. Nf1 fxg3 29. fxg3 Nf8 30. dxc6 Rxd2+ 31. Bxd2 bxc6 32. Be4 Rb8 33. Bxc6 Rxb3 34. Bc3 Rb6 35. Bf3 Nf6 36. b4 Rb8 37. Ra1 Rb6 38. c5 Rb8 39. Rxa6 e5 40. Ne3 e4 41. Be2 N8d7 42. Ra7 Be5 43. Bxe5 Nxe5 44. b5 Ned7 45. c6 Nb6 46. Nf5 Ne8 47. c7 1-0

[Event "Moscow op-B (Women) 13th"]
[Site "Moscow"]
[Date "2017.02.01"]
[Round "5"]
[White "Smirnova, Ekaterina"]
[Black "Shendrik, Zhanna"]
[Result "1-0"]
[WhiteElo "2162"]
[BlackElo "2072"]
[PlyCount "95"]
[EventDate "2017.01.28"]
[EventType "swiss"]
[EventRounds "9"]
[EventCountry "RUS"]
[SourceTitle "EXT 2018"]
[Source "ChessBase"]
[SourceDate "2017.10.13"]
[SourceVersion "1"]
[SourceVersionDate "2017.10.13"]
[SourceQuality "1"]

1. d4 d5 2. c4 c6 3. cxd5 cxd5 4. Nc3 Nf6 5. Bf4 a6 6. e3 e6 7. Bd3 Be7 8. h3 b5 9. Nf3 0-0 10. Rc1 Bb7 11. 0-0 Nbd7 12. a4 b4 13. Na2 Rc8 14. Rxc8 Qxc8 15. a5 Ba8 16. Qb3 Qb7 17. Rc1 Rc8 18. Rxc8+ Qxc8 19. Nd2 Ne4 20. Nxe4 dxe4 21. Bc4 Nf6 22. Nxb4 Bb7 23. Bf1 Bd8 24. Qc4 Bxa5 25. Qxc8+ Bxc8 26. Nxa6 Bxa6 27. Bxa6 Kf8 28. Bd6+ Ke8 29. b4 Bb6 30. Bb5+ Kd8 31. Kf1 Nd5 32. Bc6 Nf6 33. Ke2 g5 34. f3 exf3+ 35. Kxf3 h5 36. g3 Ng8 37. Bc5 Bc7 38. e4 Ne7 39. d5 exd5 40. exd5 Nf5 41. g4 Nh4+ 42. Ke4 Kc8 43. d6 Bd8 44. gxh5 f5+ 45. Kd5 g4 46. hxg4 fxg4 47. Ke6 g3 48. h6 1-0

[Event "Moscow op-B (Women) 13th"]
[Site "Moscow"]
[Date "2017.01.29"]
[Round "2"]
[White "Shendrik, Zhanna"]
[Black "Beshukova, Alina"]
[Result "1/2-1/2"]
[WhiteElo "2072"]
[BlackElo "1743"]
[PlyCount "100"]
[EventDate "2017.01.28"]
[EventType "swiss"]
[EventRounds "9"]
[EventCountry "RUS"]
[SourceTitle "EXT 2018"]
[Source "ChessBase"]
[SourceDate "2017.10.13"]
[SourceVersion "1"]
[SourceVersionDate "2017.10.13"]
[SourceQuality "1"]

1. d4 Nf6 2. c4 g6 3. Nc3 Bg7 4. Nf3 0-0 5. Bf4 d6 6. e3 Nbd7 7. h3 b6 8. Be2 Bb7 9. 0-0 Ne4 10. Nxe4 Bxe4 11. Rc1 e5 12. Bh2 Qe7 13. b4 a5 14. b5 f5 15. Re1 Rae8 16. a4 Qd8 17. Qb3 Kh8 18. Red1 Qe7 19. Qa3 Bxf3 20. Bxf3 exd4 21. exd4 Bxd4 22. Bxd6 Bxf2+ 23. Kxf2 cxd6 24. Qxd6 Qxd6 25. Rxd6 Nc5 26. Ra1 Re4 27. Rxb6 Rxc4 28. Rc6 Rb8 29. Rd1 Ne4+ 30. Bxe4 Rxe4 31. Rd7 Rxa4 32. Rcc7 Rb4 33. Rxh7+ Kg8 34. Rcg7+ Kf8 35. Ra7 Kg8 36. Rhg7+ Kf8 37. Rxg6 R4xb5 38. Rga6 Rb2+ 39. Kg1 Rb1+ 40. Kh2 Rf1 41. Rf6+ Kg8 42. Rxa5 Rf8 43. Rg6+ Kh7 44. Rg3 Kh6 45. Ra6+ Kh7 46. Rb3 Rf7 47. Raa3 Rg7 48. Ra2 f4 49. Rba3 Re7 50. h4 Kh6 1/2-1/2

[Event "Kstovo Chess Hopes op"]
[Site "Kstovo"]
[Date "2013.06.24"]
[Round "1"]
[White "Shendrik, Zhanna"]
[Black "Suchkov, Alexander"]
[Result "1-0"]
[WhiteElo "2006"]
[BlackElo "1707"]
[PlyCount "81"]
[EventDate "2013.06.24"]
[EventType "swiss"]
[EventRounds "9"]
[EventCountry "RUS"]
[SourceTitle "EXT 2018"]
[Source "ChessBase"]
[SourceDate "2017.10.13"]
[SourceVersion "1"]
[SourceVersionDate "2017.10.13"]
[SourceQuality "1"]

1. d4 Nf6 2. Nf3 g6 3. c4 Bg7 4. Nc3 0-0 5. Bf4 d6 6. e3 Nbd7 7. h3 Re8 8. Be2 c5 9. Bh2 cxd4 10. Nxd4 Qb6 11. Rb1 Nc5 12. 0-0 Ne6 13. b4 Nxd4 14. exd4 Bf5 15. Rb3 a6 16. Bf3 Be6 17. c5 Bxb3 18. Qxb3 dxc5 19. bxc5 Qxb3 20. axb3 Ra7 21. b4 Nd7 22. Rd1 h5 23. b5 Nxc5 24. dxc5 Bxc3 25. b6 Raa8 26. Bc7 Rab8 27. Rd7 Bb4 28. Bxb8 Rxb8 29. Rc7 Kg7 30. Kf1 a5 31. Bd1 e6 32. Bb3 Kf6 33. Ke2 Ke5 34. Kd3 Rd8+ 35. Kc4 Rd4+ 36. Kb5 Bc3 37. Bc4 a4 38. Rxb7 a3 39. Ra7 Bb2 40. b7 Rd1 41. b8Q+ 1-0

[Event "Nizhnij Novgorod Region-ch"]
[Site "Nizhnij Novgorod"]
[Date "2012.10.06"]
[Round "?"]
[White "Shendrik, Zhanna"]
[Black "Bodyagin, Anton"]
[Result "1-0"]
[WhiteElo "2037"]
[BlackElo "1898"]
[PlyCount "80"]
[EventDate "2012.10.06"]
[EventType "swiss"]
[EventRounds "9"]
[EventCountry "RUS"]
[SourceTitle "EXT 2022"]
[Source "ChessBase"]
[SourceDate "2021.10.06"]
[SourceVersion "1"]
[SourceVersionDate "2021.10.06"]
[SourceQuality "1"]

1. d4 Nf6 2. Nf3 d5 3. c4 e6 4. Nc3 Nbd7 5. e3 Be7 6. Bd3 b6 7. 0-0 Bb7 8. Qe2 0-0 9. Rd1 c5 10. cxd5 Nxd5 11. Nxd5 Bxd5 12. e4 Bc6 13. Ba6 Qc7 14. d5 Bb7 15. Bxb7 Qxb7 16. d6 Bd8 17. e5 f6 18. Qc4 Nxe5 19. Qxe6+ Qf7 20. Qf5 Qg6 21. Qe6+ Qf7 22. Qh3 b5 23. Bf4 Ng6 24. Be3 Bb6 25. Qf5 Rac8 26. Rd5 Ne5 27. Rad1 Nxf3+ 28. gxf3 Qg6+ 29. Qxg6 hxg6 30. d7 Rcd8 31. Bxc5 Bxc5 32. Rxc5 Rf7 33. Rcd5 Re7 34. Kf1 Kf7 35. Rxb5 Rexd7 36. Rxd7+ Rxd7 37. Ke2 Ke6 38. Ke3 Kd6 39. Rb4 Kc5 40. Rg4 g5 1-0

[Event "Privolzhskogo FO-ch (Women)"]
[Site "Togliatti"]
[Date "2012.03.27"]
[Round "8"]
[White "Khazieva, Elza"]
[Black "Shendrik, Zhanna"]
[Result "1-0"]
[WhiteElo "2064"]
[BlackElo "2045"]
[PlyCount "77"]
[EventDate "2012.03.20"]
[EventType "swiss"]
[EventRounds "9"]
[EventCountry "RUS"]
[SourceTitle "EXT 2013"]
[Source "ChessBase"]
[SourceDate "2012.11.22"]
[SourceVersion "1"]
[SourceVersionDate "2012.11.22"]
[SourceQuality "1"]

1. e4 c5 2. Nf3 e6 3. d4 cxd4 4. Nxd4 a6 5. Bd3 Qc7 6. 0-0 Bd6 7. h3 Nf6 8. c4 b6 9. Nc3 Bb7 10. Qe2 0-0 11. Kh1 Bf4 12. Be3 Bxe3 13. Qxe3 Nc6 14. Nxc6 Qxc6 15. Rad1 Rad8 16. Qg3 d6 17. f4 Qc5 18. Qf2 Qc7 19. Rfe1 Nd7 20. Qh4 Nc5 21. Bb1 h6 22. Re3 Rfe8 23. Kh2 Bc6 24. Bc2 a5 25. Qg4 Kh8 26. Qh5 Qe7 27. Rf1 Nd7 28. e5 d5 29. cxd5 exd5 30. Ne2 Bb7 31. Rd1 Qc5 32. Nd4 Ba6 33. Qxf7 Re7 34. Qf5 Nf8 35. Rc3 Qb4 36. Nc6 Qxb2 37. Nxd8 Re8 38. Nf7+ Kg8 39. Rc7 1-0

[Event "Privolzhskogo FO-ch (Women)"]
[Site "Togliatti"]
[Date "2012.03.23"]
[Round "4"]
[White "Shendrik, Zhanna"]
[Black "Makarenko, Alexandra"]
[Result "1-0"]
[WhiteElo "2045"]
[BlackElo "2116"]
[PlyCount "123"]
[EventDate "2012.03.20"]
[EventType "swiss"]
[EventRounds "9"]
[EventCountry "RUS"]
[SourceTitle "EXT 2013"]
[Source "ChessBase"]
[SourceDate "2012.11.22"]
[SourceVersion "1"]
[SourceVersionDate "2012.11.22"]
[SourceQuality "1"]

1. d4 Nf6 2. Nf3 g6 3. c4 Bg7 4. Nc3 0-0 5. Bf4 d6 6. e3 Nfd7 7. h3 e5 8. Bh2 Nc6 9. Be2 h6 10. 0-0 Kh8 11. Nd5 f5 12. b4 e4 13. Nd2 Nf6 14. Nxf6 Qxf6 15. Rb1 g5 16. c5 Qg6 17. Bh5 Qe6 18. Qc2 a5 19. b5 Nb4 20. Qb3 dxc5 21. dxc5 Qe7 22. Qa4 Be6 23. b6 Rfd8 24. a3 Rxd2 25. axb4 cxb6 26. Bd6 Qd8 27. bxa5 bxc5 28. Bxc5 Bd7 29. Qb4 Bc6 30. Bd4 Rd3 31. Be2 Bxd4 32. Bxd3 Be5 33. Qc5 Rxa5 34. Bb5 Qf6 35. Qc4 g4 36. Bxc6 bxc6 37. g3 gxh3 38. Kh2 f4 39. exf4 Bxf4 40. Qxe4 Be5 41. Qg4 Ra8 42. Rb3 Rg8 43. Qf3 Qg6 44. Re3 Bd4 45. Re2 c5 46. Qe4 Qg5 47. Qf3 h5 48. Re4 Qd5 49. Rf4 Qxf3 50. Rxf3 Kh7 51. Kxh3 Kg6 52. Rb1 Re8 53. Rb6+ Kg7 54. Rf5 c4 55. Rc6 c3 56. Rd5 Bf6 57. Rd7+ Kg6 58. Rdd6 Kg5 59. f4+ Kf5 60. Rxf6+ Ke4 61. Rxc3 h4 62. Kxh4 1-0

[Event "Privolzhskogo FO-ch (Women)"]
[Site "Togliatti"]
[Date "2012.03.22"]
[Round "3"]
[White "Mirzaeva, Gulnara"]
[Black "Shendrik, Zhanna"]
[Result "0-1"]
[WhiteElo "1771"]
[BlackElo "2045"]
[PlyCount "104"]
[EventDate "2012.03.20"]
[EventType "swiss"]
[EventRounds "9"]
[EventCountry "RUS"]
[SourceTitle "EXT 2013"]
[Source "ChessBase"]
[SourceDate "2012.11.22"]
[SourceVersion "1"]
[SourceVersionDate "2012.11.22"]
[SourceQuality "1"]

1. e4 c5 2. Nf3 e6 3. d4 cxd4 4. Nxd4 a6 5. Bd3 Qc7 6. 0-0 Nf6 7. Qe2 d6 8. c4 Be7 9. Nc3 0-0 10. f3 Nbd7 11. Kh1 b6 12. Bd2 Bb7 13. Rfd1 Rac8 14. b3 Rfe8 15. Rac1 Qb8 16. Qf1 Nc5 17. b4 Nxd3 18. Qxd3 Nd7 19. Na4 Ne5 20. Qb3 Bd8 21. Bf4 Ng6 22. Bg3 Bc7 23. c5 Ba8 24. cxb6 Bxb6 25. Rxc8 Rxc8 26. Nxb6 Qxb6 27. Nxe6 d5 28. Nc5 dxe4 29. fxe4 Qb5 30. h3 h5 31. Rd3 h4 32. Bh2 a5 33. Rf3 Qe8 34. Rf5 axb4 35. Qxb4 Rd8 36. Qb3 Rc8 37. a4 Qe7 38. Bg1 Ne5 39. Bd4 Nc6 40. Bb2 Nd8 41. Qc3 Ne6 42. Ba3 Nxc5 43. Bxc5 Qxe4 44. Rg5 g6 45. Rg4 Qd5 46. Qc4 Rxc5 47. Qxd5 Rxd5 48. Rxh4 Ra5 49. Rc4 Kg7 50. Kg1 Bd5 51. Rf4 Bc6 52. g3 Rxa4 0-1

[Event "RUS-ch (Women) 1st League 61st"]
[Site "Ivanovo"]
[Date "2011.02.28"]
[Round "8"]
[White "Semenova, Anastasia"]
[Black "Shendrik, Zhanna"]
[Result "0-1"]
[WhiteElo "1870"]
[BlackElo "2058"]
[PlyCount "120"]
[EventDate "2011.02.21"]
[EventType "swiss"]
[EventRounds "9"]
[EventCountry "RUS"]
[SourceTitle "CBM 141 Extra"]
[Source "ChessBase"]
[SourceDate "2011.05.03"]
[SourceVersion "1"]
[SourceVersionDate "2011.05.03"]
[SourceQuality "1"]

1. e4 c5 2. c3 e6 3. d4 d5 4. exd5 Qxd5 5. Nf3 Nf6 6. Be2 Be7 7. 0-0 0-0 8. h3 Nc6 9. Be3 cxd4 10. Nxd4 Nxd4 11. cxd4 Qd8 12. Bf3 Nd5 13. Nc3 Nxe3 14. fxe3 Rb8 15. Rc1 b5 16. Qe2 Qa5 17. Ne4 b4 18. Qd2 Rd8 19. Rfd1 Bb7 20. b3 e5 21. Qf2 exd4 22. Rxd4 Qe5 23. Rxd8+ Rxd8 24. Nf6+ Bxf6 25. Bxb7 Bg5 26. Re1 Qe7 27. Bf3 Bh4 28. g3 Bf6 29. Kh2 Bc3 30. Rd1 Rxd1 31. Bxd1 g6 32. Bf3 Kg7 33. Bd5 f5 34. e4 fxe4 35. Qe3 Qc7 36. Qxe4 Be5 37. Qg2 h5 38. h4 Qd6 39. Qf3 Bxg3+ 40. Qxg3 Qxd5 41. Qc7+ Qf7 42. Qe5+ Kh7 43. Qd4 a5 44. Qd8 a4 45. Qd1 axb3 46. axb3 Qf4+ 47. Kh3 Qe3+ 48. Kh2 Qe7 49. Kh3 Qc7 50. Kg2 Qa7 51. Kh3 Kg7 52. Qd3 Qb6 53. Qe4 Qd6 54. Qb7+ Kf6 55. Qf3+ Ke7 56. Kg2 Qd2+ 57. Kh3 Qc3 58. Kg2 Qxf3+ 59. Kxf3 Ke6 60. Ke4 Kf6 0-1

[Event "Nizhnij Novgorod-ch"]
[Site "Nizhnij Novgorod"]
[Date "2010.03.??"]
[Round "?"]
[White "Chizhevskaja, Jana"]
[Black "Shendrik, Zhanna"]
[Result "0-1"]
[WhiteElo "1716"]
[BlackElo "2024"]
[PlyCount "94"]
[EventDate "2010.03.13"]
[EventType "swiss"]
[EventRounds "9"]
[EventCountry "RUS"]
[SourceTitle "EXT 2022"]
[Source "ChessBase"]
[SourceDate "2021.10.06"]
[SourceVersion "1"]
[SourceVersionDate "2021.10.06"]
[SourceQuality "1"]

1. e4 c5 2. Nf3 e6 3. d4 cxd4 4. Nxd4 a6 5. Bd3 Qc7 6. 0-0 Nf6 7. Nc3 b5 8. Re1 d6 9. Kh1 Be7 10. h3 Bb7 11. a3 Nc6 12. Nxc6 Bxc6 13. Qe2 0-0 14. f4 Rfd8 15. Bd2 Qb7 16. e5 dxe5 17. fxe5 Ne8 18. Qf2 Qd7 19. Rf1 f5 20. Ne2 Nc7 21. Ba5 Rf8 22. Nf4 Nd5 23. Be2 Nxf4 24. Qxf4 Qb7 25. Bf3 Rac8 26. Bc3 Rfd8 27. Bxc6 Qxc6 28. Rad1 Rd5 29. Qf3 Rcd8 30. Ba5 R8d7 31. Bc3 Qc4 32. Qh5 g6 33. Qf3 Bf8 34. Rfe1 Bh6 35. Rxd5 Qxd5 36. Qg3 Bf8 37. Qf2 Bc5 38. Qh4 Be7 39. Qf2 Qc5 40. Qe2 Qd5 41. Qf2 Qc6 42. Qe2 Bxa3 43. Qf2 Be7 44. Qe2 b4 45. Bd2 Qxc2 46. Bf4 Qxe2 47. Rxe2 g5 0-1

[Event "Nizhnij Novgorod-ch HL"]
[Site "Nizhnij Novgorod"]
[Date "2009.11.14"]
[Round "?"]
[White "Mikheev, Dmitry"]
[Black "Shendrik, Zhanna"]
[Result "1-0"]
[WhiteElo "2092"]
[BlackElo "2034"]
[PlyCount "49"]
[EventDate "2009.11.14"]
[EventType "swiss"]
[EventRounds "9"]
[EventCountry "RUS"]
[SourceTitle "EXT 2022"]
[Source "ChessBase"]
[SourceDate "2021.10.06"]
[SourceVersion "1"]
[SourceVersionDate "2021.10.06"]
[SourceQuality "1"]

1. d4 g6 2. Nf3 Bg7 3. Bg5 Nf6 4. Nbd2 d6 5. e4 0-0 6. Bc4 Nxe4 7. Nxe4 d5 8. Bd3 dxe4 9. Bxe4 Nd7 10. c3 Nf6 11. Bc2 c6 12. Qd2 Re8 13. h4 Be6 14. h5 Nxh5 15. Rxh5 gxh5 16. Bh6 Qd5 17. c4 Bxh6 18. Qxh6 Qa5+ 19. b4 Qxb4+ 20. Kd1 f6 21. Bxh7+ Kf7 22. Bg6+ Kg8 23. Qh7+ Kf8 24. Qh8+ Bg8 25. Qh6# 1-0